Spieler mit den meisten Siegen bei der Europameisterschaft - Statistiken

Allgemein
  • Dieses Quiz wurde 36 mal gespielt
  • Das Durchschnittsergebnis liegt bei 7 aus 13
Antwortstatistiken
Mannschaft Siege Jahr Spieler % Korrekt
Spanien 2 2008; 2012 Xavi
100%
Spanien 2 2008; 2012 Andrés Iniesta
96%
Spanien 2 2008; 2012 Iker Casillas
89%
Spanien 2 2008; 2012 Sergio Ramos
82%
Spanien 2 2008; 2012 Fernando Torres
75%
Spanien 2 2008; 2012 Xabi Alonso
54%
Spanien 2 2008; 2012 Cesc Fàbregas
50%
Spanien 2 2008; 2012 David Silva
36%
Spanien 2 2008; 2012 Álvaro Arbeloa
25%
Spanien 2 2008; 2012 Pepe Reina
25%
Deutschland 2 1972; 1980 Rainer Bonhof
11%
Spanien 2 2008; 2012 Raúl Albiol
11%
Spanien 2 2008; 2012 Santiago Cazorla
0%
Keine übereinstimmenden Quizze gefunden
Verteilung der Resultate
Anzahl Personen mit jedem Resultat
Perzentil nach korrekt beantworteten Fragen
Ihre Resultats-Entwicklung
Sie haben dieses Quiz noch nicht gespielt